Comprehensive study guide for Wheelock's Latin / (Record no. 18928)
[ view plain ]
| 000 -LEADER | |
|---|---|
| fixed length control field | 00399nam a2200145ia 4500 |
| 020 ## - INTERNATIONAL STANDARD BOOK NUMBER | |
| ISBN | 0819197629 (paper) |
| 040 ## - CATALOGING SOURCE | |
| Transcribing agency | DLC |
| 082 00 - DEWEY DECIMAL CLASSIFICATION NUMBER | |
| Classification number | 478 UNI 1994 C154 Or. |
| 100 1# - MAIN ENTRY--AUTHOR NAME | |
| Personal name | Grote, Dale A |
| 245 10 - TITLE STATEMENT | |
| Title | Comprehensive study guide for Wheelock's Latin / |
| 260 ## - PUBLICATION, DISTRIBUTION, ETC. (IMPRINT) | |
| Place of publication | Lanham, Md. : |
| Name of publisher | University Press of America, |
| Year of publication | c1994 |
| 300 ## - PHYSICAL DESCRIPTION | |
| Number of Pages | xii, 303 p. ; |
| Dimensions | 28cm |
| 650 #0 - SUBJECT ADDED ENTRY--TOPICAL TERM | |
| Topical Term | Latin language |
| 942 ## - ADDED ENTRY ELEMENTS (KOHA) | |
| Koha item type | ADB |
| 952 ## - LOCATION AND ITEM INFORMATION (KOHA) | |
| Withdrawn status [LOCAL, KOHA] | 0 |
| Koha item type | Source of acquisition | Lost status | Permanent Location | Current Location | Date acquired | Full call number |
|---|---|---|---|---|---|---|
| សៀវភៅភាសាអង់គ្លេស | A37036 | Library Block C | Library Block C | 2020-02-12 | 478 UNI 1994 C154 Or. |